00357nam a2200157Ia 4500008004100000050000800041050001600049245001700065260001800082260001800100300001600118300002000134300001000154650001600164999001900180170712s9999 xx 000 0 und d a890 bU897 [2011] aUtak berde / aPhilippines : bLavoxa Group, a172 pages : billustrations ; c14cm. aLiterature. c340422d340422